Superconductivity (Record no. 1209970)

MARC details
000 -LEADER
fixed length control field 01052nam a2200313Ia 4500
003 - CONTROL NUMBER IDENTIFIER
control field OSt
005 - DATE AND TIME OF LATEST TRANSACTION
control field 20221007122225.0
008 - FIXED-LENGTH DATA ELEMENTS--GENERAL INFORMATION
fixed length control field 221006b |||||||| |||| 00| 0 eng d
020 ## - INTERNATIONAL STANDARD BOOK NUMBER
International Standard Book Number 9780120887613 (hbd)
037 ## - SOURCE OF ACQUISITION
Terms of availability Textual
040 ## - CATALOGING SOURCE
Original cataloging agency PAPL
Transcribing agency PAPL
Language of cataloging eng
041 ## - LANGUAGE CODE
Source of code eng
Language code of text/sound track or separate title eng
100 ## - MAIN ENTRY--PERSONAL NAME
Personal name Poole Charles P
9 (RLIN) 450467
245 #0 - TITLE STATEMENT
Title Superconductivity
Remainder of title Farach Horacio Creswick Richard J
250 ## - EDITION STATEMENT
Edition statement 2
260 ## - PUBLICATION, DISTRIBUTION, ETC.
Place of publication, distribution, etc. Amsterdam
Name of publisher, distributor, etc. Academic Press
Date of publication, distribution, etc. 2007
300 ## - PHYSICAL DESCRIPTION
Extent xxiii,646p.
Dimensions cm.
500 ## - GENERAL NOTE
General note Bibliographical references 583-632p; Index 633-646p
650 ## - SUBJECT ADDED ENTRY--TOPICAL TERM
Topical term or geographic name entry element Superconductivity
9 (RLIN) 642647
650 ## - SUBJECT ADDED ENTRY--TOPICAL TERM
Topical term or geographic name entry element Physics
700 ## - ADDED ENTRY--PERSONAL NAME
Personal name Creswick Richard J
9 (RLIN) 713738
700 ## - ADDED ENTRY--PERSONAL NAME
Personal name Farach Horacio
9 (RLIN) 713739
942 ## - ADDED ENTRY ELEMENTS (KOHA)
Classification part C6:21, P7 Carpa
Koha item type Textual
Source of classification or shelving scheme Colon Classification (CC)
Holdings
Withdrawn status Lost status Source of classification or shelving scheme Damaged status Not for loan Home library Current library Date acquired Source of acquisition Total Checkouts Full call number Barcode Date last seen Price effective from Koha item type
    Colon Classification (CC)     Department of Physics and Astrophysics Library Department of Physics and Astrophysics Library 2022-10-07 2253, 13/12/2007, Unilib Book Distributors   C6:21 P7 Carpa PA0006074 2022-10-07 2022-10-07 Textual
Copyright @ Delhi University Library System